| 000 | 00857nam a2200265 a 4500 | ||
|---|---|---|---|
| 008 | |||
| 020 | _a0198556462 (pbk.) | ||
| 049 | _aMAIN | ||
| 090 |
_aQD502 _bGRA |
||
| 100 | 1 | _aGray, Peter. | |
| 245 | 1 | 0 |
_aChemical oscillations and instabilities : _bnon-linear chemical kinetics / _cPeter Gray and Stephen K. Scott. |
| 260 |
_aOxford : _bOxford University Press, _c1990. |
||
| 300 |
_axvi, 453 : _bill. ; _c24cm. |
||
| 440 | 4 |
_aThe International series of monographs on chemistry ; _v21. |
|
| 500 | _aIncludes index. | ||
| 504 | _aIncludes bibliographical references. | ||
| 650 | 0 | _aChemical kinetics. | |
| 650 | 0 | _aNonlinear theories. | |
| 700 | 1 | _aScott, Stephen K. | |
| 907 |
_a.b10122229 _b16-08-11 _c18-05-04 |
||
| 003 | |||
| 005 | 20230123133716.0 | ||
| 040 | _cNUST | ||
| 942 |
_cBOOKS _kQD502 _mGRA |
||
| 999 |
_c153286 _d153286 |
||